[Event "ch-Commonwealth"]
[Site "Mumbai IND"]
[Date "2004.01.16"]
[Round "7"]
[White "Roy Chowdhury,S"]
[Black "Kunte,A"]
[Result "1/2-1/2"]
[WhiteElo "2400"]
[BlackElo "2512"]
[EventDate "2004.01.10"]

1. e4 e5 2. Nf3 Nc6 3. Bc4 Bc5 4. c3 Nf6 5. d3 a6 6. Bb3 Ba7 7. O-O O-O 8.
h3 d6 9. Re1 h6 10. Nbd2 Nh5 11. Nf1 Qf6 12. Be3 Nf4 13. Ng3 g6 14. Nh2 Nd8
15. Qf3 Nde6 16. Bxe6 Bxe6 17. Bxa7 Rxa7 18. Ne2 Nxe2+ 19. Qxe2 Raa8 20.
Qe3 Qg5 21. Qxg5 hxg5 22. Nf3 f6 23. d4 Kf7 24. d5 Bd7 25. Nd2 Ke7 26. Rac1
a5 27. c4 c5 28. Re3 Rfb8 29. Kf1 b5 30. Ke1 bxc4 31. Nxc4 Bb5 32. Re2 Ra6
33. Rc3 Bxc4 34. Rxc4 Rab6 35. b3 Rb4 36. Rec2 f5 37. f3 g4 38. hxg4 fxg4
39. Kf2 Kf6 40. Kg3 Kg5 41. Rxb4 axb4 42. Rf2 Rf8 43. Rf1 Ra8 44. Rf2 Ra7
45. Rc2 gxf3 46. gxf3 Rh7 47. Rc1 Kf6 48. Kg2 g5 49. Kg3 Kg6 50. Rg1 Rh4
51. Ra1 Kh5 52. a4 bxa3 53. Rxa3 g4 54. fxg4+ Rxg4+ 55. Kf3 Rf4+ 56. Ke3
Kg4 57. Ra6 Rf3+ 58. Ke2 Kf4 59. Rxd6 Re3+ 60. Kf2 Kxe4 61. Rc6 Rf3+ 62.
Ke2 Re3+ 63. Kf2 Rxb3 64. Rxc5 Rb2+ 65. Kf1 Rd2 66. Ke1 Rxd5 67. Rxd5 Kxd5
68. Kd1 1/2-1/2

[Event "ch-Commonwealth"]
[Site "Mumbai IND"]
[Date "2004.01.16"]
[Round "7"]
[White "Babu,NS"]
[Black "Deepan,C"]
[Result "1-0"]
[WhiteElo "2339"]
[BlackElo "2388"]
[EventDate "2004.01.10"]

1. d4 Nf6 2. c4 g6 3. Nc3 d5 4. Nf3 Bg7 5. cxd5 Nxd5 6. Bg5 c5 7. Rc1 Nxc3
8. bxc3 Nc6 9. e3 Qa5 10. Qd2 cxd4 11. cxd4 Qxd2+ 12. Kxd2 h6 13. Bh4 Bd7
14. Be2 e6 15. Rb1 Na5 16. Rhc1 O-O 17. Bb5 Bxb5 18. Rxb5 b6 19. Rb2 Rfc8
20. Rcc2 Rxc2+ 21. Rxc2 Rb8 22. Bg3 Rb7 23. Rc8+ Kh7 24. Kc3 b5 25. Nd2 b4+
26. Kc2 Rb6 27. Rc7 Rc6+ 28. Kd3 e5 29. Rxf7 Kg8 30. Rxa7 Rc3+ 31. Ke4 Nc6
32. Ra8+ Kf7 33. d5 Ne7 34. Ra7 1-0

[Event "ch-Commonwealth"]
[Site "Mumbai IND"]
[Date "2004.01.16"]
[Round "7"]
[White "Lim Yee Weng"]
[Black "Lodhi,M"]
[Result "1/2-1/2"]
[WhiteElo "2311"]
[BlackElo "2395"]
[EventDate "2004.01.10"]

1. e4 e5 2. Bc4 Nc6 3. Nc3 Bc5 4. d3 d6 5. f4 Nf6 6. Nf3 Bg4 7. Na4 Bxf3 8.
Qxf3 Nd4 9. Qg3 b5 10. Qxg7 Rf8 11. Bxb5+ Nxb5 12. fxe5 Ng8 13. Bg5 Qd7 14.
Nxc5 dxc5 15. O-O Nd4 16. Qxh7 Nxc2 17. Rad1 Nd4 18. Rd2 Ne6 19. Be3 O-O-O
20. b4 Ne7 21. Qh5 Rh8 22. Qd1 Nc6 23. bxc5 Ncd4 24. Qc1 Rh7 25. Qa3 Qc6
26. Qxa7 Kd7 27. Qa3 Ra8 28. Qc3 Ra4 29. Rc1 Qa6 30. Qb2 Kc6 31. Rc4 Nb5
32. Rxa4 Qxa4 33. d4 Kd7 1/2-1/2

[Event "ch-Commonwealth"]
[Site "Mumbai IND"]
[Date "2004.01.16"]
[Round "7"]
[White "Safin,S"]
[Black "Meenakshi,S"]
[Result "0-1"]
[WhiteElo "2528"]
[BlackElo "2328"]
[EventDate "2004.01.10"]

1. e4 g6 2. d4 Bg7 3. Nf3 d6 4. Bc4 Nf6 5. Qe2 O-O 6. e5 dxe5 7. dxe5 Nd5
8. O-O c6 9. h3 Qc7 10. Bb3 a5 11. c4 a4 12. Bd1 Nb6 13. Nc3 Be6 14. c5
N6d7 15. Nxa4 Na6 16. Ng5 Qxe5 17. Qxe5 Bxe5 18. Nxe6 fxe6 19. Be3 Nb4 20.
Bb3 Nd5 21. Rad1 Bf4 22. Rfe1 Bxe3 23. fxe3 Ne5 24. Rd4 Ra5 25. Bc2 Nd7 26.
e4 N5f6 27. b4 Raa8 28. Bb3 Kf7 29. Red1 Ne5 30. Kf2 Kg7 31. Ke3 Nf7 32.
Nb6 Ra6 33. Nc4 Raa8 34. Na5 e5 35. Rd7 Nxd7 36. Rxd7 Kf6 37. Rxb7 Rfc8 38.
Bxf7 Kxf7 39. Nc4 Ke6 40. Nb6 Ra3+ 41. Kd2 Rf8 42. Nc4 Rf2+ 43. Ke1 Raxa2
44. Rc7 Rxg2 45. Rxc6+ Kf7 46. Nxe5+ Kg7 47. Kf1 Rh2 48. Kg1 Rhd2 0-1

[Event "ch-Commonwealth"]
[Site "Mumbai IND"]
[Date "2004.01.16"]
[Round "7"]
[White "Lahiri,A"]
[Black "Ganguly,S"]
[Result "1/2-1/2"]
[WhiteElo "2325"]
[BlackElo "2541"]
[EventDate "2004.01.10"]

1. d4 d5 2. c4 dxc4 3. Nf3 Nf6 4. e3 e6 5. Bxc4 c5 6. O-O a6 7. Qe2 b5 8.
Bb3 Bb7 9. a4 b4 10. Nbd2 Be7 11. a5 O-O 12. Nc4 Nbd7 13. Nfe5 Rc8 14. Bd2
cxd4 15. exd4 Nxe5 16. dxe5 Qd5 17. f3 Nd7 18. Rfd1 Qb5 19. Rdc1 Nc5 20.
Bd1 Rfd8 21. Nd6 1/2-1/2

[Event "ch-Commonwealth"]
[Site "Mumbai IND"]
[Date "2004.01.16"]
[Round "7"]
[White "Poobesh Anand,S"]
[Black "Michelakis,G"]
[Result "1/2-1/2"]
[WhiteElo "2360"]
[BlackElo "2432"]
[EventDate "2004.01.10"]

1. d4 Nf6 2. c4 c5 3. d5 b5 4. cxb5 a6 5. bxa6 g6 6. g3 Bg7 7. Bg2 d6 8.
Nf3 Qa5+ 9. Bd2 Qxa6 10. Nc3 O-O 11. O-O Nbd7 12. Qc2 Nb6 13. e4 Nc4 14.
Bc1 Ng4 15. h3 Nge5 16. Nxe5 Nxe5 17. Rd1 Qa5 18. Bd2 Nc4 19. Be1 Bd7 20.
Bf1 Ne5 21. Be2 f5 22. f4 Nf7 23. Bd3 Nh6 24. Bd2 fxe4 1/2-1/2

[Event "ch-Commonwealth"]
[Site "Mumbai IND"]
[Date "2004.01.16"]
[Round "7"]
[White "Sriram,J"]
[Black "Palit,S"]
[Result "0-1"]
[WhiteElo "2450"]
[BlackElo "2348"]
[EventDate "2004.01.10"]

1. d4 e6 2. c4 b6 3. e4 Bb7 4. Nc3 Bb4 5. Qc2 Qh4 6. Bd3 f5 7. g3 Qh5 8. f3
fxe4 9. Bxe4 Nc6 10. Be3 Nf6 11. Bd3 Bd6 12. g4 Qh4+ 13. Bf2 Qh6 14. a3 Bf4
15. h4 Nxg4 16. fxg4 Nxd4 17. Qd1 O-O 18. Be4 Be3 19. g5 Bxf2+ 20. Kd2 Bxe4
21. gxh6 Bxh1 22. Qg4 Rf7 23. Rf1 Raf8 24. Nh3 Bf3 25. Qg5 Bc6 26. Kd1 Nf3
27. Qc1 Bxh4 28. Qe3 g6 29. Ne2 Be7 30. b4 e5 31. Ng3 d6 32. Ne4 Kh8 33.
Rf2 Nd4 34. Rxf7 Rxf7 35. Nhg5 Rf4 36. Qh3 Nf5 37. Qd3 Bxg5 38. Nxg5 Rd4
0-1

[Event "ch-Commonwealth"]
[Site "Mumbai IND"]
[Date "2004.01.16"]
[Round "7"]
[White "Ravi,L"]
[Black "Gokhale,C"]
[Result "1-0"]
[WhiteElo "2462"]
[BlackElo "2372"]
[EventDate "2004.01.10"]

1. d4 Nf6 2. Nf3 e6 3. g3 d5 4. Bg2 c5 5. O-O Nc6 6. c4 Be7 7. cxd5 exd5 8.
Nc3 O-O 9. Bg5 cxd4 10. Nxd4 h6 11. Be3 Re8 12. Qb3 Na5 13. Qc2 Bg4 14. Nf5
Bb4 15. Bd4 Rc8 16. Ne3 Be6 17. Qa4 Bxc3 18. Bxc3 Nc6 19. Rfd1 Qe7 20. Rd2
Rcd8 21. Bxf6 Qxf6 22. Bxd5 Re7 23. Rdd1 Qxb2 24. Bxc6 Rxd1+ 25. Qxd1 bxc6
26. Rb1 Qf6 27. Rb8+ Kh7 28. Qd3+ Qg6 29. Qd8 Qf6 30. Qd3+ Qg6 31. Qd6 Rd7
32. Qxc6 Rd2 33. Qa8 Qg5 34. Rh8+ Kg6 35. Qe4+ Kf6 36. a4 Qe5 37. Qf3+ Kg6
38. h4 Rd4 39. Ng2 Bd5 40. Nf4+ Rxf4 41. h5+ Qxh5 42. Qxh5+ Kxh5 43. gxf4
a6 44. f3 Bb3 45. a5 Bc4 46. Kf2 Kg6 47. Rc8 Bb5 48. Rc5 Ba4 49. Rc4 Bd7
50. Rb4 1-0

[Event "ch-Commonwealth"]
[Site "Mumbai IND"]
[Date "2004.01.16"]
[Round "7"]
[White "Gokhale,J"]
[Black "Prasad,D"]
[Result "1/2-1/2"]
[WhiteElo "2308"]
[BlackElo "2395"]
[EventDate "2004.01.10"]

1. d4 d5 2. c4 dxc4 3. Nf3 Nf6 4. e3 e6 5. Bxc4 c5 6. O-O a6 7. dxc5 Qxd1
8. Rxd1 Bxc5 9. Nbd2 b6 10. Be2 Bb7 11. Nb3 Be7 12. Nfd4 Nbd7 13. f3 O-O
14. e4 Nc5 15. Nxc5 Bxc5 16. Be3 Rfd8 17. Kf2 1/2-1/2

[Event "ch-Commonwealth"]
[Site "Mumbai IND"]
[Date "2004.01.16"]
[Round "7"]
[White "Sharma,D"]
[Black "Tilak,S"]
[Result "0-1"]
[WhiteElo "2373"]
[BlackElo "2310"]
[EventDate "2004.01.10"]

1. e4 c5 2. Nf3 d6 3. d4 cxd4 4. Nxd4 Nf6 5. Nc3 Nc6 6. Bg5 e6 7. Qd2 a6 8.
O-O-O Bd7 9. f4 b5 10. Bxf6 gxf6 11. Kb1 Qb6 12. Nxc6 Bxc6 13. Qe1 O-O-O
14. Bd3 b4 15. Ne2 d5 16. exd5 Bxd5 17. f5 Bd6 18. Qh4 Be5 19. Nf4 Bxa2+
20. Kxa2 Rd4 21. Qf2 Rhd8 22. g3 Bxf4 23. Kb1 Be5 24. fxe6 fxe6 25. Qe2 Kb8
26. Bxh7 Qd6 27. Rd3 Rxd3 28. Qxd3 Qc7 29. Qxa6 Qxh7 30. Qb6+ Kc8 31. Qxe6+
Kb7 32. Qc4 Rd4 33. Qb5+ Ka7 34. h4 Qe4 35. Qa5+ Kb8 36. Qb5+ Kc7 37. Qa5+
Kd7 38. Rf1 Ke7 39. h5 Qe2 40. Rh1 Qf3 41. Qc5+ Kf7 42. Qa7+ Kg8 43. Rc1
Qxh5 44. Qa8+ Kg7 45. g4 Qxg4 46. Qb7+ Qd7 47. Rg1+ Kf7 48. Qf3 Ke6 49. Qh5
Kd6 50. Qh8 Kc6 51. Qa8+ Kb6 52. Qf3 Qd5 53. Qf2 b3 54. c3 Qe4+ 55. Ka1
Qa8+ 56. Kb1 Qa2+ 57. Kc1 Qa1+ 0-1

[Event "ch-Commonwealth"]
[Site "Mumbai IND"]
[Date "2004.01.16"]
[Round "7"]
[White "Sahu,S"]
[Black "Vijayalakshmi,S"]
[Result "0-1"]
[WhiteElo "2277"]
[BlackElo "2444"]
[EventDate "2004.01.10"]

1. e4 e5 2. Nf3 Nc6 3. Nc3 Nf6 4. g3 Bc5 5. Bg2 d6 6. h3 h6 7. d3 Be6 8.
Na4 Qe7 9. c3 Bxf2+ 10. Kxf2 b5 11. b4 bxa4 12. Qxa4 Bd7 13. Qc2 Nd8 14. d4
exd4 15. Re1 O-O 16. cxd4 Ne6 17. Bd2 d5 18. exd5 Nxd5 19. a3 Rae8 20. Kg1
Qd6 21. Kh2 Bc6 22. Rac1 Ne7 23. Bc3 Bxf3 24. Bxf3 Nxd4 25. Bxd4 Qxd4 26.
Qc5 Qf6 27. Qc3 Qb6 28. Bg2 c6 29. Re4 Qb8 30. Qc5 Ng6 31. Rxe8 Rxe8 32.
Qxc6 Ne5 33. Qc7 Qb5 34. Qxa7 Qe2 35. Rf1 Rd8 36. Qf2 Qc4 37. Qf4 Qc3 38.
Qc1 Qd3 39. Rf2 f6 40. Qa1 Kh8 41. a4 Qe3 42. Qf1 Rd3 43. g4 Qd4 44. Rc2
Qd6 45. Rc8+ Kh7 46. Be4+ Ng6+ 47. Kh1 0-1

[Event "ch-Commonwealth"]
[Site "Mumbai IND"]
[Date "2004.01.16"]
[Round "7"]
[White "Harika,D"]
[Black "Conquest,S"]
[Result "1/2-1/2"]
[WhiteElo "2329"]
[BlackElo "2543"]
[EventDate "2004.01.10"]

1. Nf3 g6 2. d4 Bg7 3. g3 f5 4. Bg2 Nf6 5. c4 O-O 6. O-O d6 7. Nc3 Qe8 8.
d5 Na6 9. Rb1 c5 10. b3 Bd7 11. Bb2 h6 12. Nd2 Qf7 13. e4 fxe4 14. Ncxe4 b5
15. Nxf6+ Bxf6 16. Ne4 Bxb2 17. Rxb2 Rab8 18. Re2 bxc4 19. bxc4 Qg7 20. Qc1
Rb7 21. Rfe1 Bg4 22. Re3 Bf5 23. a3 Rf7 24. Nc3 Nb8 25. Be4 Bxe4 26. Nxe4
Nd7 27. f4 Rf8 28. Nf2 Nf6 29. Re6 Rfb8 30. Qe3 Kf8 31. Nd3 Rb1 32. f5 g5
33. Rxb1 Rxb1+ 34. Kg2 Rb3 35. Qe2 Qh7 36. Qc2 Rb7 37. Nf2 Qg7 38. Qc3 Ne8
39. Qe3 Nf6 40. Qc3 Ne8 41. Qe3 Rb2 42. Qe1 Nf6 43. Re2 Nd7 44. Rxb2 Qxb2
45. Qe6 Nf6 46. Qc8+ Kg7 47. Qe6 Kf8 48. Qc8+ Kg7 49. Qe6 Kf8 1/2-1/2

[Event "ch-Commonwealth"]
[Site "Mumbai IND"]
[Date "2004.01.16"]
[Round "7"]
[White "Venkatesh,M"]
[Black "Swathi,G"]
[Result "1-0"]
[WhiteElo "2392"]
[BlackElo "2297"]
[EventDate "2004.01.10"]

1. e4 e5 2. Nf3 Nc6 3. Bb5 a6 4. Ba4 Nf6 5. O-O b5 6. Bb3 Bc5 7. a4 Rb8 8.
c3 d6 9. d4 Bb6 10. a5 Ba7 11. h3 O-O 12. Be3 exd4 13. cxd4 Nxe4 14. Bd5
Qe8 15. Re1 Nf6 16. Bg5 Nxd5 17. Rxe8 Rxe8 18. Nc3 Be6 19. Rc1 Nxc3 20.
Rxc3 Bd5 21. Be3 b4 22. Rc1 Rb5 23. Ne1 Bb8 24. Nd3 Nxa5 25. Nf4 Bb3 26.
Qg4 f5 27. Qg3 Bf7 28. d5 Re7 29. Bd4 Bxd5 30. Nh5 g6 31. Qg5 Re6 32. Qd8+
Kf7 33. Nf6 1-0

[Event "ch-Commonwealth"]
[Site "Mumbai IND"]
[Date "2004.01.16"]
[Round "7"]
[White "Shetty,R"]
[Black "Singh,Ri"]
[Result "0-1"]
[WhiteElo "2382"]
[BlackElo "2285"]
[EventDate "2004.01.10"]

1. e4 e5 2. Nf3 Nf6 3. Nxe5 d6 4. Nf3 Nxe4 5. Nc3 Nxc3 6. dxc3 Be7 7. Bf4
Nd7 8. Qd2 Nc5 9. O-O-O Bg4 10. Bb5+ Bd7 11. Be2 O-O 12. h4 Re8 13. h5 Ne4
14. Qe1 Bf6 15. Rd3 Nc5 16. Re3 Rxe3 17. Bxe3 Qe7 18. h6 g6 19. Qd1 Re8 20.
Re1 Qd8 21. Bd4 Bc6 22. Qd2 Ne6 23. Be3 Nc5 24. Bc4 Ne4 25. Qd1 Nc5 26. Bd4
Rxe1 27. Qxe1 Qe7 28. Bxf6 Qxf6 29. Qe3 Ne6 30. Bxe6 fxe6 31. Qxa7 Qf8 32.
Qe3 Bxf3 33. gxf3 e5 34. Kd2 Qf7 35. Ke2 c6 36. Qa7 Qe7 37. Qb8+ Kf7 38.
Qc8 d5 39. a4 Kf6 40. Qh8+ Kf5 41. Qg7 Ke6 42. Qxe7+ Kxe7 43. Kd3 g5 44. c4
Kd6 45. cxd5 cxd5 46. b4 Kc6 47. Ke2 Kd6 48. Kd3 Kc6 49. Kc3 Kb6 50. Kb3
Kc7 51. b5 b6 52. Kb4 Kb7 53. a5 bxa5+ 54. Kxa5 e4 55. fxe4 dxe4 56. c4 g4
57. c5 g3 58. c6+ Kb8 59. fxg3 e3 60. Ka6 e2 0-1

[Event "ch-Commonwealth"]
[Site "Mumbai IND"]
[Date "2004.01.16"]
[Round "7"]
[White "Konguvel,P"]
[Black "Berezina,I"]
[Result "1/2-1/2"]
[WhiteElo "2366"]
[BlackElo "2281"]
[EventDate "2004.01.10"]

1. e4 g6 2. d4 Bg7 3. Nc3 c6 4. Bc4 d6 5. Qf3 e6 6. Nge2 b5 7. Bb3 a5 8. a3
Ba6 9. d5 cxd5 10. exd5 e5 11. Ne4 h6 12. g4 Nf6 13. N2g3 Nxe4 14. Nxe4 Qe7
15. Bd2 Bc8 16. Rg1 Nd7 17. Qe2 Nf6 18. Qxb5+ Bd7 19. Qe2 Nxe4 20. Qxe4 O-O
21. Bc3 Qh4 22. O-O-O Qxf2 23. Rdf1 Qc5 1/2-1/2

[Event "ch-Commonwealth"]
[Site "Mumbai IND"]
[Date "2004.01.16"]
[Round "7"]
[White "Russell,MKA"]
[Black "Singh,G"]
[Result "0-1"]
[WhiteElo "2219"]
[BlackElo "2360"]
[EventDate "2004.01.10"]

1. e4 e6 2. d4 d5 3. Nc3 Bb4 4. e5 c5 5. a3 Bxc3+ 6. bxc3 Qc7 7. Qg4 f5 8.
Qg3 cxd4 9. cxd4 Ne7 10. Ne2 O-O 11. c3 Nbc6 12. Nf4 Na5 13. Rb1 Bd7 14. h4
Rac8 15. Rh3 Rf7 16. Be2 Rb8 17. h5 Nc4 18. Kf1 Qc6 19. Kg1 Qa4 20. h6 g6
21. Bh5 Kh8 22. Nxg6+ hxg6 23. Bxg6 Rg8 24. Bxf7 Rxg3 25. Rxg3 Qd1+ 26. Kh2
f4 27. Rh3 b6 28. Bxf4 Qxb1 29. Bg5 Qf5 30. Bf6+ Kh7 31. Rf3 Qxf3 32. gxf3
Nf5 0-1

[Event "ch-Commonwealth"]
[Site "Mumbai IND"]
[Date "2004.01.16"]
[Round "7"]
[White "Vinuthna,N"]
[Black "Gluckman,D"]
[Result "0-1"]
[WhiteElo "2094"]
[BlackElo "2356"]
[EventDate "2004.01.10"]

1. e4 e6 2. d3 c5 3. Nf3 Nc6 4. g3 g6 5. d4 cxd4 6. Nxd4 a6 7. Bg2 Bg7 8.
Nxc6 bxc6 9. O-O d6 10. c4 Ne7 11. Nc3 O-O 12. Be3 Bb7 13. Qd2 Qc7 14. Rfd1
Rfd8 15. Rac1 c5 16. Bh6 Nc6 17. Bxg7 Kxg7 18. Ne2 e5 19. f4 Nd4 20. f5 f6
21. g4 Bc6 22. Nc3 Rab8 23. Rf1 g5 24. Rf2 Kf7 25. Re1 Rh8 26. Bf3 Qb7 27.
Bd1 Qd7 28. Be2 Rb4 29. Rb1 Qb7 30. Nd5 Bxd5 31. cxd5 h6 0-1

[Event "ch-Commonwealth"]
[Site "Mumbai IND"]
[Date "2004.01.16"]
[Round "7"]
[White "Sengupta,D"]
[Black "Yogesh,G"]
[Result "1/2-1/2"]
[WhiteElo "2349"]
[BlackElo "2268"]
[EventDate "2004.01.10"]

1. e4 b6 2. d4 Bb7 3. Nc3 e6 4. Bd3 Bb4 5. Nge2 c5 6. dxc5 bxc5 7. a3 Ba5
8. Be3 Nf6 9. O-O Ng4 10. Bxc5 Qc7 11. Ng3 Bxc3 12. bxc3 Nxh2 13. Bb4 Nxf1
14. Bxf1 Nc6 15. Bd6 Qa5 16. Rb1 Ba6 17. Bxa6 Qxa6 18. e5 Ne7 19. Qg4 Qc6
20. Re1 Qxc3 21. Bb4 Qxc2 22. Ne4 Nf5 23. Qf3 d5 24. Nd6+ Nxd6 25. Bxd6 Rc8
26. Qg4 Rg8 27. Qg5 f6 28. exf6 Kf7 29. Qe3 Qf5 1/2-1/2

[Event "ch-Commonwealth"]
[Site "Mumbai IND"]
[Date "2004.01.16"]
[Round "7"]
[White "Hegde,R"]
[Black "Chokshi,M"]
[Result "1-0"]
[WhiteElo "2344"]
[BlackElo "2248"]
[EventDate "2004.01.10"]

1. Nf3 Nf6 2. c4 b6 3. g3 Bb7 4. Bg2 e6 5. O-O Be7 6. Nc3 O-O 7. Re1 d5 8.
cxd5 exd5 9. d4 Nbd7 10. Bf4 a6 11. Rc1 Re8 12. Ne5 Nf8 13. Qb3 Ne6 14.
Red1 Bf8 15. Be3 Rb8 16. Qa4 Qd6 17. Bf4 Nxf4 18. gxf4 c5 19. dxc5 bxc5 20.
e3 Red8 21. Ne2 Qe6 22. b3 Nd7 23. Nxd7 Rxd7 24. Ng3 d4 25. Bxb7 Rbxb7 26.
exd4 Rb4 27. f5 Qd6 28. Qa5 Rxd4 29. Rxd4 cxd4 30. Qd2 d3 31. Rc8 Qd4 32.
h3 f6 33. Nf1 Kf7 34. Qd1 Qh4 35. Qf3 d2 36. Qe2 Re7 37. Qxd2 Qg5+ 38. Qxg5
fxg5 39. Ra8 Re2 40. Ra7+ Kg8 41. Rxa6 Bc5 42. Ne3 Bxe3 43. fxe3 Rxe3 44.
b4 g4 45. hxg4 Rg3+ 46. Kh2 Rxg4 47. b5 1-0

[Event "ch-Commonwealth"]
[Site "Mumbai IND"]
[Date "2004.01.16"]
[Round "7"]
[White "Deshmukh,A"]
[Black "Dave,D"]
[Result "1-0"]
[WhiteElo "2340"]
[BlackElo "1921"]
[EventDate "2004.01.10"]

1. c4 Nf6 2. Nc3 g6 3. g3 Bg7 4. Bg2 O-O 5. d4 d6 6. e4 Nbd7 7. Nge2 e5 8.
O-O exd4 9. Nxd4 Re8 10. Nc2 Nc5 11. f3 Be6 12. Ne3 a5 13. Qc2 Nfd7 14. b3
Ne5 15. Bd2 Nc6 16. Rad1 Nd4 17. Qb1 Na6 18. Rf2 Nb8 19. Ncd5 c5 20. Bc3
Nbc6 21. Qb2 Rb8 22. a4 Nb4 23. Nxb4 axb4 24. Bxd4 Bxd4 25. Rxd4 cxd4 26.
Qxd4 Qc7 27. Nc2 Qc5 28. Qd2 Rec8 29. Nxb4 Ra8 30. h4 Bxc4 31. bxc4 Rxa4
32. Nd5 Rca8 33. Kh2 Ra3 34. h5 Rb3 35. hxg6 fxg6 36. Rf1 b5 37. cxb5 Raa3
38. Rc1 Rd3 39. Qh6 Rxd5 40. exd5 Rc3 41. Ra1 1-0

[Event "ch-Commonwealth"]
[Site "Mumbai IND"]
[Date "2004.01.16"]
[Round "7"]
[White "Sandeep,Y"]
[Black "Iuldachev,S"]
[Result "0-1"]
[WhiteElo "2115"]
[BlackElo "2559"]
[EventDate "2004.01.10"]

1. d4 Nf6 2. Nf3 d6 3. g3 Nbd7 4. Bg2 e5 5. c4 c6 6. Nc3 Be7 7. O-O O-O 8.
e4 a6 9. h3 b5 10. b3 Bb7 11. Qc2 Re8 12. Be3 Bf8 13. Rfe1 exd4 14. Bxd4 b4
15. Ne2 Nxe4 16. Nf4 d5 17. Rad1 Qa5 18. Nd2 Ndf6 19. Nxe4 Nxe4 20. Bxe4
dxe4 21. Rxe4 Rxe4 22. Qxe4 Rd8 23. Re1 Rd7 24. Qe8 Rd8 25. Qe4 Qc7 26. Nh5
Qd6 27. Be5 Qg6 28. Qh4 Re8 29. Re4 c5 30. Nf6+ gxf6 31. Rg4 Rxe5 32. Rxg6+
hxg6 0-1

[Event "ch-Commonwealth"]
[Site "Mumbai IND"]
[Date "2004.01.16"]
[Round "7"]
[White "Meera,S"]
[Black "Neelotpal,D"]
[Result "0-1"]
[WhiteElo "2173"]
[BlackElo "2461"]
[EventDate "2004.01.10"]

1. e4 c5 2. Nf3 d6 3. Bb5+ Nd7 4. d4 Ngf6 5. Nc3 cxd4 6. Qxd4 e5 7. Qd1 h6
8. a4 Be7 9. O-O O-O 10. Qe2 Nc5 11. Rd1 Qc7 12. Bc4 Be6 13. Bxe6 fxe6 14.
Qc4 Qc8 15. Re1 a5 16. b3 Ra6 17. Bd2 Qe8 18. Nb5 Qf7 19. Rad1 Nfxe4 20.
Qf1 Qg6 21. Kh1 Nxd2 22. Rxd2 e4 23. Ng1 d5 24. Nh3 Raa8 25. Re3 Rf6 26. c4
Qf7 27. cxd5 exd5 28. Nc7 Rd8 0-1

[Event "ch-Commonwealth"]
[Site "Mumbai IND"]
[Date "2004.01.16"]
[Round "7"]
[White "Himanshu,Sh"]
[Black "Nambiar,V"]
[Result "1-0"]
[WhiteElo "2380"]
[BlackElo "2180"]
[EventDate "2004.01.10"]

1. d4 d5 2. c4 c6 3. Nf3 Nf6 4. e3 Bf5 5. Qb3 Qb6 6. Qxb6 axb6 7. Nc3 e6 8.
Nh4 Bg6 9. Nxg6 hxg6 10. Bd3 Na6 11. O-O Bd6 12. g3 Ng4 13. h4 f5 14. Kg2
Nf6 15. Bd2 Nb4 16. Be2 c5 17. a3 Na6 18. cxd5 Nxd5 19. Nxd5 exd5 20. Rac1
cxd4 21. exd4 Nc7 22. Rc3 Kd7 23. Rb3 Rhe8 24. Bd3 b5 25. h5 gxh5 26. Bxf5+
Kc6 27. Bg6 Rh8 28. Rc1+ Kb6 29. Rh1 h4 30. Rxh4 Rxh4 31. gxh4 Ne6 32. Bf7
Nxd4 33. Be3 Bc5 34. Rd3 Nc6 35. Bxc5+ Kxc5 36. Rxd5+ Kb6 37. Rg5 b4 38.
axb4 Nxb4 39. Bc4 Nc6 40. Rxg7 Ne5 41. Bd5 Kc5 42. Bxb7 Ra2 43. h5 Rxb2 44.
h6 1-0

[Event "ch-Commonwealth"]
[Site "Mumbai IND"]
[Date "2004.01.16"]
[Round "7"]
[White "Gogte,Y"]
[Black "Mohota,N"]
[Result "0-1"]
[WhiteElo "2167"]
[BlackElo "2337"]
[EventDate "2004.01.10"]

1. e4 c5 2. c3 d5 3. exd5 Qxd5 4. d4 Nf6 5. Nf3 e6 6. Be2 Nc6 7. O-O cxd4
8. cxd4 Be7 9. Nc3 Qd6 10. Be3 O-O 11. a3 b6 12. Nb5 Qd8 13. Ne5 Nxe5 14.
dxe5 Nd5 15. Bd4 Ba6 16. f4 Qd7 17. Nc3 Nxc3 18. bxc3 Bxe2 19. Qxe2 Rac8
20. Rfd1 Qa4 21. Rd2 Rc7 22. Qd1 Qxd1+ 23. Rdxd1 Rd8 24. a4 g6 25. Kf2 Rd5
26. Ke3 h5 27. g3 Kf8 28. h3 Bc5 29. Rdc1 Ke7 30. Ke4 Rcd7 31. Rd1 Kd8 32.
Ke3 Kc7 33. Rab1 Kc6 34. Ke4 a6 35. Ke3 b5 36. axb5+ axb5 37. Rdc1 Kb6 38.
Rd1 Bxd4+ 39. cxd4 Ra7 40. Rb3 Ra4 41. g4 hxg4 42. hxg4 b4 43. Ke4 Ka5 44.
Rdd3 Ra1 45. f5 Ka4 46. fxe6 fxe6 47. Rb2 Ra3 48. Rh2 b3 49. Rh8 b2 50. Rb8
Rxd3 51. Kxd3 Rb5 52. Rxb5 Kxb5 53. Kc2 Kc4 54. Kxb2 Kxd4 0-1

[Event "ch-Commonwealth"]
[Site "Mumbai IND"]
[Date "2004.01.16"]
[Round "7"]
[White "Siti,Z"]
[Black "Saptarshi,R"]
[Result "0-1"]
[WhiteElo "2162"]
[BlackElo "2329"]
[EventDate "2004.01.10"]

1. e4 d5 2. exd5 Qxd5 3. Nc3 Qa5 4. d4 Nf6 5. Bc4 c6 6. Bd2 Qc7 7. Nf3 Bf5
8. Ne5 e6 9. Qe2 Nbd7 10. O-O-O Nb6 11. Bb3 O-O-O 12. g4 Bg6 13. Bf4 Bd6
14. Bg3 Nbd5 15. Nb1 Nd7 16. c4 Bxe5 17. dxe5 Nb4 18. a3 Nc5 0-1

[Event "ch-Commonwealth"]
[Site "Mumbai IND"]
[Date "2004.01.16"]
[Round "7"]
[White "Feldman,V"]
[Black "Krishna,CR"]
[Result "1-0"]
[WhiteElo "2322"]
[BlackElo "2106"]
[EventDate "2004.01.10"]

1. d4 Nf6 2. c4 g6 3. Nc3 d5 4. Nf3 Bg7 5. cxd5 Nxd5 6. e4 Nxc3 7. bxc3 c5
8. Be3 O-O 9. Qd2 cxd4 10. cxd4 Nc6 11. Rb1 b6 12. Bb5 Na5 13. O-O Bb7 14.
d5 Qd6 15. Bd4 f5 16. Bxg7 Kxg7 17. Ng5 Kg8 18. Rbd1 Rac8 19. Rfe1 Rc5 20.
Qb2 Bc8 21. e5 Qd8 22. d6 exd6 23. e6 Qc7 24. Nf7 1-0

[Event "ch-Commonwealth"]
[Site "Mumbai IND"]
[Date "2004.01.16"]
[Round "7"]
[White "Krutika,N"]
[Black "Ramaswamy,A"]
[Result "0-1"]
[WhiteElo "2159"]
[BlackElo "2280"]
[EventDate "2004.01.10"]

1. e4 c5 2. Nf3 Nc6 3. d4 cxd4 4. Nxd4 Nf6 5. Nc3 d6 6. Be2 e5 7. Nb3 h6 8.
Be3 Be7 9. O-O O-O 10. Kh1 a5 11. a4 Nb4 12. f4 Be6 13. Nd2 exf4 14. Bxf4
Rc8 15. Bd3 Ng4 16. Nf3 Bf6 17. Bd2 d5 18. exd5 Nxd3 19. cxd3 Bxd5 20. Qe2
Re8 21. Ne4 Rxe4 22. dxe4 Bc4 23. Qe1 Bxf1 24. Qxf1 Bxb2 25. Rb1 Bd4 26.
Bxa5 Qxa5 27. Nxd4 Qxa4 28. Qf5 Re8 29. Qxg4 Qxd4 30. h3 b6 31. Qf5 g6 32.
Qd5 Qc5 33. Qb7 Re6 34. Ra1 Kg7 35. Ra7 Qc1+ 36. Kh2 Qf4+ 37. g3 Qf2+ 38.
Kh1 Rd6 39. Ra1 Rd2 40. e5 Qh2+ 0-1

[Event "ch-Commonwealth"]
[Site "Mumbai IND"]
[Date "2004.01.16"]
[Round "7"]
[White "Adithya,B"]
[Black "Mishra,S"]
[Result "0-1"]
[WhiteElo "2040"]
[BlackElo "2227"]
[EventDate "2004.01.10"]

1. e4 Nf6 2. d3 e6 3. Nf3 c5 4. g3 Nc6 5. Bg2 d6 6. O-O Be7 7. c3 O-O 8.
Re1 Bd7 9. d4 cxd4 10. Nxd4 a6 11. c4 Qb6 12. Nb3 Ne5 13. Qe2 Qc7 14. N3d2
b5 15. b3 bxc4 16. Nxc4 Nxc4 17. bxc4 Rac8 18. Nd2 e5 19. Bb2 Be6 20. Rec1
Nd7 21. Kh1 Bg5 22. f4 exf4 23. Qh5 Bf6 24. Bxf6 Nxf6 25. Qg5 fxg3 26. Qxg3
Qa5 27. Qxd6 Rfd8 28. Nb3 Qg5 29. Qxa6 Ng4 30. c5 Qh4 31. h3 Nf2+ 32. Kg1
Nxh3+ 33. Bxh3 Bxh3 34. Qe2 Rc6 35. Kh1 Bg4+ 36. Qh2 Bf3+ 37. Kg1 Rg6+ 0-1

[Event "ch-Commonwealth"]
[Site "Mumbai IND"]
[Date "2004.01.16"]
[Round "7"]
[White "Lakshmi,Pra"]
[Black "Joshi,SG"]
[Result "1/2-1/2"]
[WhiteElo "1970"]
[BlackElo "2211"]
[EventDate "2004.01.10"]

1. e4 e6 2. d4 d5 3. Nd2 c5 4. Ngf3 Nc6 5. Bb5 Bd6 6. O-O Nge7 7. Re1 Qb6
8. exd5 exd5 9. c4 O-O 10. cxd5 Nxd4 11. Bd3 Nxd5 12. Nxd4 cxd4 13. Nc4 Qc7
14. Nxd6 Qxd6 15. Re4 Nf6 16. Rxd4 Qe5 17. Bf4 Qh5 18. Be2 Qg6 19. Bf3 h5
20. Rd8 Bg4 21. Rxa8 Rxa8 22. Be5 Re8 23. Bxf6 Qxf6 24. Bxg4 hxg4 25. Rb1
Qe6 26. b3 g6 27. g3 Qe2 28. Qd7 Re7 29. Qd8+ Kh7 30. Rc1 Kg7 31. Qd4+ f6
32. Qxa7 Qd2 33. Qc5 Re1+ 34. Rxe1 Qxe1+ 35. Kg2 Qe4+ 36. Kg1 Qe1+ 1/2-1/2